| 000 | 00916cam a22002411 4500 | ||
|---|---|---|---|
| 001 | he 67002475 | ||
| 003 | DLC | ||
| 005 | 20260227111452.0 | ||
| 008 | 921118r19651898is 000 0 hebr | ||
| 010 | _ahe 67002475 | ||
| 035 | _a(OCoLC)26995913 | ||
| 040 |
_aDLC _cCU _dCU _dDLC |
||
| 042 | _apremarc | ||
| 050 | 0 | 0 |
_aBM522.49 _b.M4 1965 |
| 100 | 1 |
_aTam, Jacob ben Meir, _dapproximately 1100-1171. |
|
| 245 | 1 | 0 |
_aSefer ha-yashar _cle-Rabenu Tam; ḥeleḳ ha-sheʼelot ṿeha-teshuvot... ʻal pi ketav yad ʻim tiḳunim ṿe-hagahot me-R. Efrayim Zalman Margaliyot ṿe-ʻim heʻarot me-et Sheraga he-mekhuneh Faish Rozenṭhal. |
| 260 |
_a[Yerushalayim?] _c1965. |
||
| 300 |
_ax, 228 p. _c25 cm. |
||
| 500 | _aPhoto-offset of Berlin, 1898 ed. | ||
| 650 | 0 |
_aResponsa _y1040-1600. |
|
| 700 | 1 |
_aMargolioth, Ephraim Zalman ben Menahem Mannes, _d1760-1828. |
|
| 700 | 1 |
_aRosenthal, F. _q(Ferdinand), _d1839-1921. |
|
| 999 |
_c32805 _d32805 |
||